|
|
|
|
| LEADER |
00000nam2a2200000 4500 |
| 001 |
131924 |
| 005 |
20231101220332.0 |
| 010 |
|
|
|a 9785699211470
|
| 035 |
|
|
|a (RuTPU)RU\TPU\book\142859
|
| 090 |
|
|
|a 131924
|
| 100 |
|
|
|a 20080226d2008 m y0rusy50 ca
|
| 101 |
0 |
|
|a rus
|
| 102 |
|
|
|a RU
|
| 105 |
|
|
|a a j 001zy
|
| 200 |
0 |
|
|a Ч. II
|
| 210 |
|
|
|d 2008
|
| 215 |
|
|
|a 320 с.
|c ил.
|
| 320 |
|
|
|a Литература: с. 318.
|
| 330 |
|
|
|a Настоящий сборник задач предназначен для студентов физико-математических факультетов педагогических вузов. Он включает в себя задачи второй части курса геометрии для педагогических университетов по специальности 032100 «Математика»: • по аналитической геометрии на плоскости и в пространстве: • по многомерной и конструктивной геометрии. В задачнике большое внимание уделено решению задач, даются ответы и подробные указания. Предлагаемый сборник является задачником-практикумом, будет необходим студентам и преподавателям для организации практических занятий и самостоятельной работы, а также может эффективно использоваться студентами вечернего и заочного отделений. Задачник будет также полезен учителям и школьникам старших классов, занимающимся углубленным изучением математики.
|
| 461 |
|
1 |
|0 (RuTPU)RU\TPU\book\149734
|t Сборник задач по геометрии
|o учебное пособие для студентов III-V курсов физико-математических факультетов педагогических вузов
|f С. Л. Атанасян, Н. В. Шевелева, В. Г. Покровский
|v Ч. II
|d 2008
|s Образовательный стандарт XXI
|
| 606 |
|
|
|a Геометрия
|2 stltpush
|3 (RuTPU)RU\TPU\subj\6171
|9 34123
|
| 610 |
1 |
|
|a учебные пособия
|
| 610 |
1 |
|
|a задачи
|
| 610 |
1 |
|
|a проективная геометрия
|
| 610 |
1 |
|
|a изображение
|
| 610 |
1 |
|
|a топология
|
| 610 |
1 |
|
|a евклидовы пространства
|
| 610 |
1 |
|
|a линии
|
| 610 |
1 |
|
|a поверхности
|
| 610 |
1 |
|
|a аксиоматика
|
| 675 |
|
|
|a 514(076)
|v 3
|
| 801 |
|
1 |
|a RU
|b 63413507
|c 20080226
|g PSBO
|
| 801 |
|
2 |
|a RU
|b 63413507
|c 20180214
|g PSBO
|
| 942 |
|
|
|c BK
|
| 959 |
|
|
|a 19/20080219
|d 2
|e 169,23
|f АНЛ:1
|f ЧЗТЛ:1
|